| 000 | 00561nam a2200229 a 4500 | ||
|---|---|---|---|
| 001 | nice12345678 | ||
| 003 | IN_TiNIC | ||
| 005 | 20260116011533.0 | ||
| 008 | 050524s1967 lona grp 000 0 eng | ||
| 020 |
_a _c100 |
||
| 082 | 0 | 0 |
_a231.3 _bSTI |
| 100 | _aStibbs, A M | ||
| 245 |
_aSpirit Within You _b Church`s Neglected Possession |
||
| 260 |
_aLondon _bHodder & Stoughton _c1967 |
||
| 300 | _a93p | ||
| 500 | _aincludes index and biblioraphy | ||
| 505 | 2 | _aBibliography | |
| 650 | _aHoly Spirit | ||
| 902 | _bSRS | ||
| 942 | _cBK | ||
| 999 |
_c2421 _d2421 |
||